| 000 | 00330nam a2200109Ia 4500 | ||
|---|---|---|---|
| 008 | 171211s9999 xx 000 0 und d | ||
| 245 | 4 | _aThe Science of Drinking: How Alcohol Affects Your Body and Mind | |
| 245 | _cAmitava Dasgupta | ||
| 260 | _c2011 | ||
| 650 | _xHEALTH | ||
| 856 | _uhttp://down.ebook777.com/016/9781442204096.pdf | ||
| 999 |
_c348398 _d348398 |
||